Translate Thai Ramayana (Ramakien) Characters! - Statistics

General Stats
  • This quiz has been taken 18 times
  • The average score is 16 of 25
Answer Stats
Hint Answer % Correct
Kumphakan Kumbhakarna
92%
Kaiyakesi Kaikeyi
85%
Ram Rama
85%
Sammanakha Surpanakha
85%
Intharachit Indrajit
77%
Kaosuriya Kausalya
77%
Isuan Shiva
77%
Sida Sita
77%
Sukhrip Sugriva
77%
Lak Lakshmana
69%
Laksami Lakshmi
69%
Loph Lava
69%
Uma-thewi Parvati
69%
Athit Surya
69%
Chomphuphan Jambavan
62%
Satarut Shatrugna
62%
Samutthewi Sumitra
62%
Witsawakam Vishvakarma
62%
Phrot Bharata
46%
Phrom Brahma
46%
Thotsarot Dasharatha
46%
Monkut Kusha
38%
Narai Vishnu
38%
Thotsakan Ravana
23%
Phipkek Vibhishana
23%
No matching quizzes found
Score Distribution
Percent of People with Each Score
Percentile by Number Answered
Your Score History
You have not taken this quiz